Statistics for Insular Areas

Click here to take the quiz!

General Stats

  • This quiz has been taken 4 times
  • The average score is 5 of 15

Answer Stats

Inhabited?PopulationTerritory% Correct
Yes162,742PacificGuam
75%
Yes106,405CaribbeanU.S. Virgin Islands
75%
Yes3,411,307CaribbeanPuerto Rico
50%
Yes54,194PacificAmerican Samoa
25%
No0PacificBaker Island
25%
No0PacificHowland Island
25%
No0PacificJarvis Island
25%
No0PacificJohnston Atoll
25%
No0CaribbeanKingman Reef
25%
No0CaribbeanNavassa Island
25%
Yes53,467PacificNorthern Mariana Islands
25%
No0PacificPalmyra Atoll
25%
No0PacificWake Island
25%
No0CaribbeanBajo Nuevo Bank
0%
No0CaribbeanSerranilla Bank
0%

Score Distribution

Percentile by Number Answered

Percent of People with Each Score

Your Score History

You have not taken this quiz